01597nam a22002417a 4500003000900000005001700009008004100026020001800067040002800085082002200113100001900135245006100154260003000215300005700245504003900302505084200341650002401183650002301207650002501230650003501255650002301290650004201313DO-SdBJH20250530154752.0250530b |||||||| |||| 00| 0 spa d a9786070508493 aDO-SdBJHbspacDO-SdBJH a720.47 B362c 2023 aBazant S, Jan  aCambio climático y desastres urbanos / bJan Bazant S. aMéxico :bLimusa,c2023 a173 páginas. bilustraciones, fotos blanco y negro aIncluye referencia bibliográfica aLas regiones costeras están expuestas a los cada vez más frecuentes e intensos huracanes, que al penetrar a las ciudades ocasionan cuantiosos destrozos materiales y daños a su infraestructura. Pero las planicies costeras y sus poblados sufren las peores consecuencias, por las extensas inundaciones sobre los fértiles campos de cultivo, sus zonas urbanas y los daños a las carreteras. Si bien la región templada tiene menor frecuencia de incidencias de temporales, cuando ocurren ocasionan desastres en las ciudades, pues los cauces de ríos (normalmente secos) empiezan a concentrar enormes volúmenes de agua que destroza todo a su paso. Hay derrumbes y puentes arrasados, así como todas las edificaciones que se encuentran en su perímetro, con grandes pérdidas materiales y afectaciones a la vida de los habitantes 72DeweyaArquitectura 7aCambio climático 7aAspectos ambientales 7aAspectos ambientaleszMéxico 7aDesastre naturales 7aPolíticas gubernamentaleszMéxico